00609fam a2200169 a 4500020004000000082003300040100002000073245012500093250001200218260003400230300004100264526003700305650002300342650003200365700002100397700002100418 a0471173967 (cloth : acidfree paper)00a629.04bWRIcL-NUST-01, P-451 aWright, Paul H.10aTransportation engineering :bplanning and design /cPaul H. Wright, Norman J. Ashford, Robert J. [i.e. E.] Stammer, Jr. a4th ed. aNew York :bJ. Wiley,cc1998. aviii, 680 p. :bill., maps ;c26 cm. a0b0c0d629_040000000000000_WRI 0aCivil engineering. 0aTransportation engineering.1 aAshford, Norman.1 aStammer, Robert.